000 00712nas a2200253 4500
001 BR0600972
003 BR-BrBNA
005 20231205105847.0
007 ta
008 230509b bl.|||p| |||| 00| 00por d
040 _aBR-BrBNA
_bpor
_cBiblioteca Nacional de Agricultura
041 _a(Pt)
072 _aE13
100 1 _aAlmeida, L.F. de
100 1 _aZylbersztajn, D.
100 1 _aGorga, É.
245 1 _aCrédito agrícola e sistema jurídico
650 _aCRÉDITO AGRÍCOLA
650 _aFINANCIAMENTO
650 _aSUBSÍDIO
773 0 _tAgroanalysis (Brazil)
_xISSN 0100-4298
_g(Sep 2005), v. 25(9) p. 42-43
_wBR0600972
909 _a202311
_bLúcia
_c55
_dLúcia Elande
942 _2AGRIS
_n0
_cANA
999 _c185061
_d185061